<?xml version="1.0" encoding="UTF-8"?>
<record
    xmlns:xsi="http://www.w3.org/2001/XMLSchema-instance"
    xsi:schemaLocation="http://www.loc.gov/MARC21/slim http://www.loc.gov/standards/marcxml/schema/MARC21slim.xsd"
    xmlns="http://www.loc.gov/MARC21/slim">

  <leader>00992nam a22002297a 4500</leader>
  <controlfield tag="003">UA-OsUOA</controlfield>
  <controlfield tag="001"> 31994 </controlfield>
  <controlfield tag="007">ta</controlfield>
  <controlfield tag="008">20050119b un ||||| |||| 00| 0 ukr d</controlfield>
  <datafield tag="090" ind1=" " ind2=" ">
    <subfield code="a">94(477)</subfield>
    <subfield code="b">&#x41D;-34</subfield>
  </datafield>
  <datafield tag="942" ind1=" " ind2=" ">
    <subfield code="c">BK</subfield>
  </datafield>
  <datafield tag="040" ind1=" " ind2=" ">
    <subfield code="a">UA-OsUOA</subfield>
    <subfield code="b">ukr</subfield>
    <subfield code="c">UA-OsUOA</subfield>
    <subfield code="d">UA-OsUOA</subfield>
  </datafield>
  <datafield tag="245" ind1=" " ind2=" ">
    <subfield code="a">&#x406;&#x441;&#x442;&#x43E;&#x440;&#x438;&#x447;&#x456; &#x432;&#x456;&#x445;&#x438; &#x421;&#x43B;&#x43E;&#x431;&#x456;&#x434;&#x441;&#x44C;&#x43A;&#x43E;&#x43E;&#x457; &#x423;&#x43A;&#x440;&#x430;&#x457;&#x43D;&#x438;: XVII-&#x43F;&#x43E;&#x447;&#x430;&#x442;&#x43E;&#x43A; XX c&#x442;.</subfield>
    <subfield code="b">&#x41D;&#x430;&#x443;&#x43A;&#x43E;&#x432;&#x430; &#x437;&#x431;&#x456;&#x440;&#x43A;&#x430; &#x43F;&#x440;&#x430;&#x446;&#x44C; &#x443;&#x447;&#x430;&#x441;&#x43D;&#x438;&#x43A;&#x456;&#x432; &#x43D;&#x430;&#x443;&#x43A;&#x43E;&#x432;&#x43E;&#x457; &#x43A;&#x43E;&#x43D;&#x444;&#x435;&#x440;&#x435;&#x43D;&#x446;&#x456;&#x457; "&#x412;&#x438;&#x437;&#x432;&#x43E;&#x43B;&#x44C;&#x43D;&#x430; &#x431;&#x43E;&#x440;&#x43E;&#x442;&#x44C;&#x431;&#x430; &#x443;&#x43A;&#x440;&#x430;&#x457;&#x43D;&#x441;&#x44C;&#x43A;&#x43E;&#x433;&#x43E; &#x43D;&#x430;&#x440;&#x43E;&#x434;&#x443; &#x43F;&#x456;&#x434; &#x43A;&#x435;&#x440;&#x456;&#x432;&#x43D;&#x438;&#x446;&#x442;&#x432;&#x43E;&#x43C; &#x411;&#x43E;&#x433;&#x434;&#x430;&#x43D;&#x430; &#x425;&#x43C;&#x435;&#x43B;&#x44C;&#x43D;&#x438;&#x446;&#x44C;&#x43A;&#x43E;&#x433;&#x43E; &#x437;&#x430; &#x443;&#x43A;&#x440;&#x430;&#x457;&#x43D;&#x441;&#x44C;&#x43A;&#x443; &#x434;&#x435;&#x440;&#x436;&#x430;&#x432;&#x43D;&#x456;&#x441;&#x44C;"</subfield>
    <subfield code="c">&#x420;&#x435;&#x434;. &#x412;.&#x406;.&#x422;&#x430;&#x43D;&#x446;&#x44E;&#x440;&#x430; &#x412;. &#x406;.&#x421;&#x435;&#x43C;&#x435;&#x43D;&#x43A;&#x43E; &#x414;. &#x41C;.&#x427;&#x43E;&#x440;&#x43D;&#x438;&#x439; &#x404;. &#x412;.&#x424;&#x435;&#x434;&#x43E;&#x440;&#x43E;&#x432;</subfield>
  </datafield>
  <datafield tag="300" ind1=" " ind2=" ">
    <subfield code="a">151 &#x441;.</subfield>
  </datafield>
  <datafield tag="955" ind1=" " ind2=" ">
    <subfield code="a">0</subfield>
  </datafield>
  <datafield tag="041" ind1=" " ind2=" ">
    <subfield code="a">ukr</subfield>
  </datafield>
  <datafield tag="080" ind1=" " ind2=" ">
    <subfield code="a">94(477)</subfield>
  </datafield>
  <datafield tag="260" ind1=" " ind2=" ">
    <subfield code="b">&#x425;&#x41C;&#x411;&#x424;"&#x426;&#x435;&#x43D;&#x442;&#x440; &#x41E;&#x441;&#x432;&#x456;&#x442;&#x43D;&#x456;&#x445; &#x406;&#x43D;&#x456;&#x446;&#x456;&#x430;&#x442;&#x438;&#x432;"</subfield>
    <subfield code="c">1997</subfield>
  </datafield>
  <datafield tag="044" ind1=" " ind2=" ">
    <subfield code="a">UA</subfield>
  </datafield>
  <datafield tag="650" ind1=" " ind2="7">
    <subfield code="2">UDC</subfield>
  </datafield>
  <datafield tag="999" ind1=" " ind2=" ">
    <subfield code="c">318431</subfield>
    <subfield code="d">318431</subfield>
  </datafield>
  <datafield tag="952" ind1=" " ind2=" ">
    <subfield code="0">0</subfield>
    <subfield code="1">0</subfield>
    <subfield code="2">udc</subfield>
    <subfield code="4">0</subfield>
    <subfield code="7">0</subfield>
    <subfield code="a">102</subfield>
    <subfield code="b">102</subfield>
    <subfield code="d">2005-01-19</subfield>
    <subfield code="g">6.00</subfield>
    <subfield code="i">80185</subfield>
    <subfield code="l">0</subfield>
    <subfield code="o">94(477) &#x41D;-34</subfield>
    <subfield code="p">80185</subfield>
    <subfield code="r">2022-02-07 00:00:00</subfield>
    <subfield code="w">2005-01-19</subfield>
    <subfield code="y">BK</subfield>
  </datafield>
</record>
